Environmental Management system (EMS) EMS Audit and ISO 14000 Certification : Green Productivity Program

Guardado en:
Detalles Bibliográficos
Formato: Sách
Lenguaje:Undetermined
Publicado:  Carl Duisberg gesellschaft  2000
Materias:
Etiquetas: Agregar Etiqueta
Sin Etiquetas, Sea el primero en etiquetar este registro!
Thư viện lưu trữ: Trung tâm Thư viện - Trường Đại học Công nghiệp TP. Hồ Chí Minh
LEADER 00516nam a2200133Ia 4500
001 UIH_02660
008 231011s9999 xx 000 0 und d
082 |a  628 
245 0 |a  Environmental Management system (EMS) EMS Audit and ISO 14000 Certification : Green Productivity Program 
260 |b  Carl Duisberg gesellschaft 
260 |c  2000 
650 |a  Quản lý môi trường; Environmental;  
927 |a Sách 
980 |a Trung tâm Thư viện - Trường Đại học Công nghiệp TP. Hồ Chí Minh